| 000 | 00484nam a22001937a 4500 | ||
|---|---|---|---|
| 003 | CEME | ||
| 005 | 20210628202922.0 | ||
| 008 | 210104b xxu||||| |||| 00| 0 eng d | ||
| 020 | _a9788126510894 | ||
| 040 | _c0 | ||
| 082 | _a530 RES | ||
| 100 |
_aHalliday, David ,Resnick, Robert ,Krane, Kenneth S _962299 |
||
| 245 | _aPhysics:volume-2 | ||
| 250 | _a5TH | ||
| 260 |
_aINDIA _bWILEY _c2016 |
||
| 300 | _aXIV, 566P | ||
| 650 |
_aTEXTBOOK-DME.PHYSICS _962300 |
||
| 942 |
_cBK _2ddc |
||
| 999 |
_c571449 _d571449 |
||